000 03114nam a2200421 c 4500
001 57877
003 CO-BoRNBP
005 20250811215204.0
007 ta
008 221113r20142019ck abo|gr|||| s 0dspa d
020 _a9789583001789
040 _aCO-BoRNBP
_bspa
_erda
_cCO-BoRNBP
041 0 _aspa
043 _as-ck---
082 0 4 _a398.09861
_bA11a
_222
100 _aAbadía Morales, Guillermo,
_d1912-2010
_eaut
_942583
245 1 0 _aABC del folklore colombiano /
_cGuillermo Abadía Morales ; ilustrado por Claudia García Ochoa ; fotografía de Daniel Valencia ; edición de Alberto Ramírez Santos.
250 _aPrimera edición.
_bDécimo quinta reimpresión, Decimo sexta reimpresión
264 1 _aBogotá, Colombia :
_bPanamericana Editorial,
_c2019-2023
300 _a202 páginas :
_bilustraciones, mapas, fotografías a color y a blanco y negro
336 _atexto
_btxt
_2rdacontenido
337 _asin mediación
_bn
_2rdamedio
338 _avolumen
_bnc
_2rdasoporte
500 _aEl material de la dotación PNLB 2022, corresponde a la décimo quinta reimpresión de 2019
500 _aIncluye datos biográficos del autor en la solapa
505 0 _t¿Qué es el folklore?
_tRegión Andina.
_tRegión Caribe.
_tRegión Pacífica.
_tRegión Llanera.
_tRegión insular.
_tLas fiestas más importantes de Colombia.
_tTonadas y cantos indígenas.
_tClasificación de cantos y tonadas indígenas colombianos.
_tCuadro de tribus indígenas colombianas actuales.
_tLista de instrumentos musicales del folklore colombiano.
_tCantos, tonadas y aires folklóricos de Colombia
520 _aEl maestro Guillermo Abadía Morales nos conduce a través del folclore colombiano, revelándonos un país pluricultural y multiétnico. Su obra nos interna de manera fácil y didáctica en las cinco grandes regiones del país (andina, caribe, pacífica, llanera e insular) mostrándonos el folclore literario integrado por coplas, refranes, dichos y adivinanzas; el folclore musical con sus principales instrumentos, tonadas y cantos; el folclore coreográfico, sus trajes, sus danzas y juegos del cuerpo; el folclore material expresado en las artesanías, mitos, supersticiones, medicina popular, comidas y bebidas. El texto reseña las fiestas, carnavales y festivales más importantes de la tradición colombiana. Nos ilustra sobre la génesis y simbiosis de las diferentes manifestaciones raciales y estéticas del país. El texto y su recorrido, como dice el propio maestro, nos enseña que el folclore muere cuando se olvidan las raíces. Acompañado de ilustraciones y cuadros que complementan la valiosa información
521 _aRecomendado para público en general
586 _aPremio Nacional de Educación, a la vida y obra de un educador
650 0 7 _aCultura popular
_zColombia
_2lemb
_961934
650 0 0 _aMusica Colombiana
_2LEMB
650 0 7 _aFolclor
_zColombia
_vcuentos
_2LEMB
_961935
655 _aCuentos
_9324660
700 _aGarcía Ochoa, Claudia
_eill
_939056
700 _aValencia, Daniel
_epht
_961936
700 1 _aRamírez Santos, Alberto,
_deditor
_eedt
_961937
942 _2ddc
_cBK
999 _c57877
_d57877